Pokemon Type Effectiveness - Statistics

General Stats
  • This quiz has been taken 6,930 times
  • The average score is 15 of 18
Answer Stats
Effective Against: Answer % Correct
Bug, Grass, Ice, Steel Fire
98%
Dragon only Dragon
94%
Ground, Rock, Water Grass
94%
Nothing Normal
93%
Dragon, Dark, Fighting Fairy
90%
Electric, Fire, Poison, Rock, Steel Ground
86%
Fighting, Poison Psychic
86%
Fire, Rock, Ground Water
85%
Flying, Water Electric
84%
Bug, Fighting, Grass Flying
83%
Ghost, Psychic Dark
82%
Dark, Ice, Normal, Rock, Steel Fighting
79%
Dark, Grass, Psychic Bug
78%
Dragon, Flying, Grass. Ground Ice
78%
Ice, Rock, Fairy Steel
78%
Ghost, Psychic Ghost
76%
Fairy, Grass Poison
74%
Bug, Fire, Ice, Flying Rock
74%
No matching quizzes found
Score Distribution
Percent of People with Each Score
Percentile by Number Answered
Your Score History
You have not taken this quiz